| 000 | 00395nam a2200145 a 4500 | ||
|---|---|---|---|
| 001 | 7 | ||
| 003 | CDMR | ||
| 005 | 20130314165945.0 | ||
| 008 | 130130s ||||||||||||||||||||||||||||d | ||
| 040 |
_aCDMR _bcat _cCDMR |
||
| 100 | 1 |
_aPeraire Ferrer, Jacinto _99 |
|
| 245 | 1 | 3 |
_aEl Correo Catalán _b: evolución de la página religiosa informativa _cJacinto Peraire Ferrer |
| 260 | _aBarcelona | ||
| 942 |
_cTSN _2udc |
||
| 999 |
_c7 _d7 |
||